Normal view
MARC view
- Saxena, J P
Entry Personal Name
001 - CONTROL NUMBER
- control field: 89774
003 - CONTROL NUMBER IDENTIFIER
- control field: NUST
005 - DATE AND TIME OF LATEST TRANSACTION
- control field: 20220228122140.0
008 - FIXED-LENGTH DATA ELEMENTS
- fixed length control field: 220228|| aca||aabn | a|a d
040 ## - CATALOGING SOURCE
- Original cataloging agency: NUST
- Transcribing agency: NUST
100 ## - HEADING--PERSONAL NAME
- Personal name: Saxena, J P
670 ## - SOURCE DATA FOUND
- Source citation: Work cat.: (NUST)32765: Saxena, J P., Production and Operations Management, 2010.
